[Event "CAN-ch w"]
[Site "Toronto CAN"]
[Date "2025.04.18"]
[Round "2.10"]
[White "Sreekumar, Gayathri"]
[Black "Deepak, Laksshana"]
[Result "0-1"]
[WhiteElo "1485"]
[BlackElo "1854"]
[WhiteFideId "-1"]
[WhiteFideId "-1"]
[PlyCount "118"]
[GameId "2171091144782590"]
[EventDate "2025.04.17"]
[EventType "swiss"]
[EventRounds "9"]
[EventCountry "CAN"]

1. d4 Nf6 2. c4 e6 3. g3 Bb4+ 4. Bd2 Be7 5. Bg2 d5 6. cxd5 exd5 7. Nf3 O-O 8. O-O h6 9. Nc3 Bf5 10. Qb3 b6 11. Ne5 c6 12. Rac1 Bd6 13. Nf3 Qd7 14. Ne5 Qe8 15. Bf4 Qe6 16. h4 Bh3 17. Rfe1 Nh5 18. e3 Bxg2 19. Kxg2 Bxe5 20. Bxe5 Nd7 21. e4 Nxe5 22. dxe5 Qg4 23. exd5 Nf4+ 24. Kg1 Nd3 25. e6 Nxc1 26. Rxc1 fxe6 27. dxe6 Rae8 28. e7+ Rf7 29. Re1 Qd7 30. Qc4 Rexe7 31. Rxe7 Qxe7 32. Qxc6 Qe1+ 33. Kg2 Qxf2+ 34. Kh3 Qf1+ 35. Qg2 Qxg2+ 36. Kxg2 Rd7 37. Ne4 Rd1 38. Kf2 Rb1 39. b3 Rb2+ 40. Ke3 Rxa2 41. Kd3 Kf7 42. Nd6+ Ke6 43. Ne4 Ke5 44. Ke3 Rb2 45. Nd2 Kf5 46. Kd3 Kg4 47. Kc3 Rxd2 48. Kxd2 h5 49. Ke2 Kxg3 50. Kf1 Kxh4 51. Kg2 Kg4 52. b4 g5 53. b5 h4 54. Kh2 Kf3 55. Kg1 g4 56. Kf1 g3 57. Kg1 g2 58. Kh2 Kf2 59. Kh3 g1=Q 0-1

[Event "CAN-ch w"]
[Site "Toronto CAN"]
[Date "2025.04.18"]
[Round "2.11"]
[White "Malaviya, Bhakti"]
[Black "Jiang, Hancy"]
[Result "0-1"]
[WhiteElo "1486"]
[BlackElo "1971"]
[WhiteFideId "-1"]
[WhiteFideId "-1"]
[PlyCount "46"]
[GameId "2171093054382854"]
[EventDate "2025.04.17"]
[EventType "swiss"]
[EventRounds "9"]
[EventCountry "CAN"]

1. e4 c6 2. d4 d5 3. e5 Bf5 4. h4 h5 5. Bg5 Qb6 6. Bd3 Bxd3 7. Qxd3 Qa6 8. Qe3 e6 9. Nd2 Ne7 10. Nb3 Nf5 11. Qd2 c5 12. c3 Nc6 13. Ne2 cxd4 14. cxd4 Bb4 15. Nc3 Qc4 16. O-O-O a5 17. Rh3 a4 18. Na1 Ncxd4 19. Kb1 Nb5 20. Rc1 Nxc3+ 21. bxc3 Ba3 22. Nc2 Bxc1 23. Qxc1 O-O 0-1

[Event "CAN-ch w"]
[Site "Toronto CAN"]
[Date "2025.04.18"]
[Round "2.12"]
[White "Wang, Angela"]
[Black "Zhou, Lily"]
[Result "1-0"]
[WhiteElo "1551"]
[BlackElo "1765"]
[WhiteFideId "-1"]
[WhiteFideId "-1"]
[PlyCount "51"]
[GameId "2171096467714830"]
[EventDate "2025.04.17"]
[EventType "swiss"]
[EventRounds "9"]
[EventCountry "CAN"]

1. Nf3 c5 2. g3 d5 3. Bg2 Nf6 4. O-O Bf5 5. c4 e6 6. d4 Nc6 7. Nc3 dxc4 8. Qa4 cxd4 9. Nxd4 Nd7 10. Nxc6 bxc6 11. Bxc6 Rc8 12. Bf4 Bc5 13. Rad1 e5 14. Bxe5 Rxc6 15. Qxc6 O-O 16. Bd6 Bxd6 17. Rxd6 Qe7 18. Qc7 Re8 19. Rfd1 Nf8 20. Qxc4 g5 21. Qc6 Rb8 22. R1d2 Rc8 23. Qb5 Bh3 24. Rd1 Bg4 25. R6d4 Be6 26. Nd5 1-0

[Event "CAN-ch w"]
[Site "Toronto CAN"]
[Date "2025.04.18"]
[Round "2.13"]
[White "Qiao, Cindy"]
[Black "Dolderman, Clara"]
[Result "1-0"]
[WhiteElo "1896"]
[BlackElo "1474"]
[WhiteFideId "-1"]
[WhiteFideId "-1"]
[PlyCount "155"]
[GameId "2171097786721046"]
[EventDate "2025.04.17"]
[EventType "swiss"]
[EventRounds "9"]
[EventCountry "CAN"]

1. e4 e6 2. d4 d5 3. Bd3 Nf6 4. e5 Nfd7 5. Ne2 c5 6. c3 Nc6 7. a3 a5 8. a4 Be7 9. Be3 O-O 10. O-O f6 11. Nf4 Nb6 12. Bxh7+ Kxh7 13. Qh5+ Kg8 14. Ng6 Kf7 15. Nd2 Ke8 16. Nxf8+ Kxf8 17. f4 Qe8 18. Qh7 Qf7 19. Rf3 Qg8 20. Qd3 c4 21. Qc2 f5 22. g4 g6 23. Rg3 Nd8 24. b3 Bd7 25. Kh1 Be8 26. Rgg1 Rc8 27. Rgb1 Qh8 28. Rg1 Nf7 29. gxf5 gxf5 30. Rg6 Nd8 31. Rg3 Bf7 32. Qb2 Ke8 33. bxc4 Nxc4 34. Nxc4 Rxc4 35. Qb5+ Kf8 36. Bd2 Qh5 37. Qxa5 Qe2 38. Rg2 Qf3 39. Qb6 Rxa4 40. Rb1 Ra6 41. Qb5 Ra2 42. Kg1 Rxd2 43. Rxd2 Qe3+ 44. Rf2 Qxc3 45. Qb2 Qe3 46. Qd2 Qh3 47. Rg2 Qh6 48. Rb3 Bh4 49. Kf1 Be8 50. Qb4+ Be7 51. Qd2 Bh5 52. Kg1 Bf7 53. Rbg3 Ke8 54. Rf3 Nc6 55. Qb2 Nd8 56. Qb5+ Kf8 57. Qd3 Qh4 58. Qe3 Bb4 59. Kf1 Nc6 60. Rh3 Qe1+ 61. Qxe1 Bxe1 62. Kxe1 Nxd4 63. Rh8+ Ke7 64. Rb8 Nf3+ 65. Kf2 Nh4 66. Rg7 Ng6 67. Kg3 Nf8 68. Rxb7+ Nd7 69. Rxf7+ Kxf7 70. Rxd7+ Kg6 71. Rd6 d4 72. Rxe6+ Kh5 73. Kf3 d3 74. Rd6 d2 75. Rxd2 Kg6 76. h4 Kh5 77. e6 Kxh4 78. Rh2# 1-0

[Event "CAN-ch w"]
[Site "Toronto CAN"]
[Date "2025.04.18"]
[Round "2.14"]
[White "Guan, Isabelle"]
[Black "Cabrera, Jennie"]
[Result "0-1"]
[WhiteElo "1454"]
[BlackElo "1885"]
[WhiteFideId "-1"]
[WhiteFideId "-1"]
[PlyCount "104"]
[GameId "2174929847725902"]
[EventDate "2025.04.17"]
[EventType "swiss"]
[EventRounds "9"]
[EventCountry "CAN"]

1. e4 e6 2. d4 d5 3. Nc3 Ne7 4. Nf3 dxe4 5. Nxe4 Nf5 6. Be3 b6 7. Bb5+ c6 8. Bd3 Nd7 9. Qd2 Bb7 10. Nc3 Bd6 11. Qe2 O-O 12. Ne4 Be7 13. Ng3 Nxe3 14. fxe3 Qc7 15. O-O-O c5 16. Kb1 Rac8 17. c3 c4 18. Be4 Ba6 19. Kc1 b5 20. Kd2 b4 21. Ke1 Bd6 22. Kf2 Nf6 23. Bb1 Ng4+ 24. Kg1 f5 25. Nf1 Qa5 26. Rc1 b3 27. a3 Qd5 28. Re1 Qa5 29. e4 e5 30. exf5 Rce8 31. Qd1 Bc8 32. Ng3 exd4 33. cxd4 Ne3 34. Qd2 Bc7 35. Qf2 Ng4 36. Qf1 Ba6 37. Rxe8 Rxe8 38. Qc1 Ne3 39. Kf2 Bf4 40. Qc3 Ng4+ 41. Kf1 Qd5 42. Ne2 Ne3+ 43. Kf2 Bh6 44. Re1 Nxf5 45. Rd1 Nd6 46. Kf1 Re3 47. Qe1 Ne4 48. Bxe4 Qxe4 49. Qf2 c3 50. bxc3 Bxe2+ 51. Kg1 Bxd1 52. Ne5 Re1+ 0-1

[Event "CAN-ch w"]
[Site "Toronto CAN"]
[Date "2025.04.18"]
[Round "2.15"]
[White "Sreekumar, Gauri"]
[Black "Geillon-Barral, Roween"]
[Result "1-0"]
[WhiteElo "1674"]
[BlackElo "1448"]
[WhiteFideId "-1"]
[WhiteFideId "-1"]
[PlyCount "81"]
[GameId "2171258492256695"]
[EventDate "2025.04.17"]
[EventType "swiss"]
[EventRounds "9"]
[EventCountry "CAN"]

1. d4 d5 2. c4 e6 3. Nf3 Nc6 4. g3 Nf6 5. Bg2 dxc4 6. O-O Be7 7. Qa4 O-O 8. Qxc4 Bd7 9. Nc3 Na5 10. Qd3 Bb4 11. Ne5 Bc6 12. Nxc6 Nxc6 13. Bxc6 bxc6 14. Qc4 Bxc3 15. Qxc3 Qd7 16. Be3 Nd5 17. Qc5 Nxe3 18. fxe3 Qd6 19. Rac1 Rfc8 20. Qxc6 Rab8 21. b3 f6 22. Rc5 Rb6 23. Qxd6 Rxd6 24. Rfc1 Rd7 25. R1c4 Kf7 26. Ra4 Ra8 27. Ra6 e5 28. dxe5 fxe5 29. Rxe5 Rd6 30. Ra4 Kg6 31. Re7 Rd1+ 32. Kg2 Rf8 33. Rg4+ Kh5 34. Rexg7 Kh6 35. Rxc7 Rd2 36. Rc6+ Kh5 37. Rh4+ Kg5 38. Rf4 Rxf4 39. exf4+ Kf5 40. Kf3 Rxe2 41. g4# 1-0

[Event "CAN-ch w"]
[Site "Toronto CAN"]
[Date "2025.04.18"]
[Round "2.16"]
[White "Xiao, Stephanie"]
[Black "Hitchlock, Veronica"]
[Result "1/2-1/2"]
[WhiteElo "1405"]
[BlackElo "1644"]
[WhiteFideId "-1"]
[WhiteFideId "-1"]
[PlyCount "110"]
[GameId "2171261437374914"]
[EventDate "2025.04.17"]
[EventType "swiss"]
[EventRounds "9"]
[EventCountry "CAN"]

1. e4 c5 2. c3 e5 3. Nf3 Nc6 4. Bb5 Bd6 5. Na3 a6 6. Nc4 Bc7 7. Bxc6 dxc6 8. d3 Qe7 9. O-O h5 10. Be3 b5 11. Na3 Be6 12. Nc2 Nh6 13. d4 O-O-O 14. Qe2 Bc4 15. Qe1 exd4 16. cxd4 Qxe4 17. Bxh6 Qxe1 18. Rfxe1 Rxh6 19. dxc5 Bd5 20. Ncd4 Kd7 21. Rad1 Rf6 22. b4 Kc8 23. a3 Rf4 24. Kf1 Bc4+ 25. Kg1 Bd5 26. Kf1 h4 27. h3 Re4 28. Rxe4 Bxe4 29. Re1 Bd5 30. Kg1 Rd7 31. Nxh4 g6 32. Nhf3 Bd8 33. Re3 Bf6 34. Ne5 Rc7 35. f4 Kb7 36. Kf2 Re7 37. Ndf3 Bg7 38. Nxc6 Rxe3 39. Na5+ Kc7 40. Kxe3 Bb2 41. Kd2 Bxa3 42. Kc3 Bc1 43. Nb3 Bxf4 44. Nbd2 Kc6 45. Nd4+ Kc7 46. g4 Be5 47. Kd3 Bg2 48. h4 Bg3 49. h5 gxh5 50. gxh5 Be5 51. h6 Bh3 52. h7 Bg4 53. Ke4 Bh8 54. N2f3 Bh5 55. Nh4 Bf6 1/2-1/2

[Event "CAN-ch w"]
[Site "Toronto CAN"]
[Date "2025.04.18"]
[Round "2.17"]
[White "Koop, Alison"]
[Black "Sherwood, Noelle"]
[Result "1-0"]
[WhiteElo "1633"]
[BlackElo "1664"]
[WhiteFideId "-1"]
[WhiteFideId "-1"]
[PlyCount "53"]
[GameId "2171265142251981"]
[EventDate "2025.04.17"]
[EventType "swiss"]
[EventRounds "9"]
[EventCountry "CAN"]

1. d4 g6 2. e4 d6 3. Bc4 Nf6 4. Nc3 Bg7 5. Nf3 Bg4 6. e5 dxe5 7. Bxf7+ Kxf7 8. Nxe5+ Kg8 9. Nxg4 Nc6 10. d5 Nb4 11. O-O Qd7 12. Ne5 Qf5 13. f4 Qxc2 14. Qd4 a5 15. a3 Na6 16. Qc4 b5 17. Qc6 Qf5 18. Qxa8+ Bf8 19. Qxa6 Kg7 20. Qxb5 h5 21. Qd3 Qxd3 22. Nxd3 h4 23. Be3 h3 24. Bd4 hxg2 25. Kxg2 Rh4 26. Rae1 Rg4+ 27. Kh3 1-0

[Event "CAN-ch w"]
[Site "Toronto CAN"]
[Date "2025.04.18"]
[Round "2.18"]
[White "Manikandan Reddia Gowder, Kavira"]
[Black "Roque, Alexa"]
[Result "0-1"]
[WhiteElo "1450"]
[BlackElo "1610"]
[WhiteFideId "-1"]
[WhiteFideId "-1"]
[PlyCount "64"]
[GameId "2171266395709909"]
[EventDate "2025.04.17"]
[EventType "swiss"]
[EventRounds "9"]
[EventCountry "CAN"]

1. d4 f5 2. c4 e6 3. a3 Nf6 4. Nc3 Be7 5. e3 O-O 6. Nf3 b6 7. Be2 Bb7 8. O-O d6 9. Bd3 h6 10. Re1 Nbd7 11. e4 Nh7 12. d5 fxe4 13. Bxe4 e5 14. Bxh7+ Kxh7 15. Qd3+ Kh8 16. Ne4 Nf6 17. Nxf6 Bxf6 18. Nd2 Bc8 19. h3 Qe8 20. Nf1 Be7 21. Be3 Bf5 22. Qd1 Qg6 23. Ng3 Bd7 24. Qb1 Qf7 25. Qe4 h5 26. f4 Bh4 27. fxe5 Bxg3 28. Rf1 Bf5 29. e6 Bxe4 30. Rxf7 Rxf7 31. exf7 Rf8 32. Rf1 Be5 0-1

[Event "CAN-ch w"]
[Site "Toronto CAN"]
[Date "2025.04.18"]
[Round "2.19"]
[White "Kamath, Nikita"]
[Black "Auger, Anastasia"]
[Result "1/2-1/2"]
[WhiteElo "1607"]
[BlackElo "1618"]
[WhiteFideId "-1"]
[WhiteFideId "-1"]
[PlyCount "97"]
[GameId "2171267718099421"]
[EventDate "2025.04.17"]
[EventType "swiss"]
[EventRounds "9"]
[EventCountry "CAN"]

1. d4 Nf6 2. Bg5 Nc6 3. c3 h6 4. Bh4 g5 5. Bg3 Ne4 6. e3 Nxg3 7. hxg3 e5 8. dxe5 Nxe5 9. f4 Nc6 10. Nf3 g4 11. Nd4 h5 12. Be2 Bg7 13. Qd3 Nxd4 14. exd4 d6 15. Nd2 f5 16. Qe3+ Qe7 17. Qxe7+ Kxe7 18. O-O-O Bd7 19. Rde1 Kf6 20. Nc4 Bc6 21. Rh2 Rae8 22. Kd2 Kg6 23. Ne3 Be4 24. Bc4 Bf6 25. Nd5 Bd8 26. b4 c6 27. Ne3 d5 28. Bd3 Bf6 29. a4 h4 30. gxh4 Rxh4 31. Reh1 Reh8 32. Rxh4 Rxh4 33. Rxh4 Bxh4 34. Bxe4 dxe4 35. Nf1 Bf2 36. Ke2 g3 37. Ne3 Bxe3 38. Kxe3 Kf6 39. Kd2 Ke6 40. c4 Kd6 41. a5 b6 42. c5+ bxc5 43. dxc5+ Kc7 44. a6 Kd7 45. Kc3 Ke6 46. Kd4 Kd7 47. Kc4 Kc7 48. Kd4 Kd7 49. Kc4 1/2-1/2

[Event "CAN-ch w"]
[Site "Toronto CAN"]
[Date "2025.04.18"]
[Round "2.20"]
[White "Divadalage, Sanya"]
[Black "Abbarin, Shabnam"]
[Result "1-0"]
[WhiteElo "1424"]
[BlackElo "1579"]
[WhiteFideId "-1"]
[WhiteFideId "-1"]
[PlyCount "57"]
[GameId "2171271288812008"]
[EventDate "2025.04.17"]
[EventType "swiss"]
[EventRounds "9"]
[EventCountry "CAN"]

1. c4 e6 2. d4 Nf6 3. Nf3 b6 4. g3 Bb7 5. Bg2 d5 6. b3 Nbd7 7. O-O Rc8 8. Bb2 c5 9. cxd5 Bxd5 10. e3 cxd4 11. Bxd4 Bc5 12. Bb2 O-O 13. Nc3 Bc6 14. Qc2 Qe7 15. a3 a5 16. e4 e5 17. Rfd1 Rfd8 18. Nd5 Bxd5 19. exd5 Ng4 20. Qf5 Bxf2+ 21. Kh1 Ne3 22. Qh5 Nxd1 23. Rxd1 f6 24. Nh4 Rc2 25. d6 Qe8 26. Bd5+ Kh8 27. Bf7 Qxf7 28. Qxf7 Rcc8 29. Nf5 1-0

[Event "CAN-ch w"]
[Site "Toronto CAN"]
[Date "2025.04.18"]
[Round "2.21"]
[White "Yeung, Marissa"]
[Black "Guan, Marie"]
[Result "0-1"]
[WhiteElo "1413"]
[BlackElo "1549"]
[WhiteFideId "-1"]
[WhiteFideId "-1"]
[PlyCount "54"]
[GameId "2171272659128816"]
[EventDate "2025.04.17"]
[EventType "swiss"]
[EventRounds "9"]
[EventCountry "CAN"]

1. e4 e5 2. Nf3 Nc6 3. Bc4 Nf6 4. Nc3 Bc5 5. d3 d6 6. Be3 Bb6 7. O-O Bg4 8. h3 Bh5 9. a3 Qd7 10. Re1 h6 11. Nd5 Bxe3 12. fxe3 Nxd5 13. Bxd5 g5 14. g4 Bg6 15. Nh2 O-O-O 16. Kf1 h5 17. Kg1 hxg4 18. Qxg4 f5 19. Qxg5 Ne7 20. Qf6 Nxd5 21. exd5 Bf7 22. e4 fxe4 23. dxe4 Rdg8+ 24. Kh1 Qxh3 25. Qf5+ Qxf5 26. exf5 Bxd5+ 27. Re4 Bxe4# 0-1

[Event "CAN-ch w"]
[Site "Toronto CAN"]
[Date "2025.04.18"]
[Round "2.22"]
[White "Wangluo, Joanne"]
[Black "Li, Alyssa"]
[Result "0-1"]
[WhiteElo "1541"]
[BlackElo "1464"]
[WhiteFideId "-1"]
[WhiteFideId "-1"]
[PlyCount "156"]
[GameId "2171273949458936"]
[EventDate "2025.04.17"]
[EventType "swiss"]
[EventRounds "9"]
[EventCountry "CAN"]

1. d4 d6 2. c4 Nf6 3. Nc3 g6 4. Nf3 Bg7 5. Bg5 O-O 6. e3 Nbd7 7. Be2 c5 8. d5 Ng4 9. h3 Nge5 10. O-O Nxf3+ 11. Bxf3 Ne5 12. Be2 Re8 13. Qb3 Rb8 14. a4 a6 15. a5 Bf5 16. Rfd1 Bc8 17. e4 Qc7 18. Qa4 Nd7 19. Qc2 b6 20. axb6 Rxb6 21. Ra2 Qb7 22. Rda1 Qb8 23. Be3 Rb4 24. Bd2 Rb6 25. Na4 Rb7 26. Bc3 Rb3 27. Bxg7 Kxg7 28. Ra3 Rb4 29. Qc3+ Nf6 30. b3 Kg8 31. e5 Nd7 32. exd6 exd6 33. Bg4 Qc7 34. Bxd7 Qxd7 35. Nb2 Rb8 36. Nd3 Bb7 37. b4 Qc7 38. bxc5 dxc5 39. Qa5 Rbc8 40. Qxc7 Rxc7 41. Ra5 Re4 42. Rxc5 Rxc4 43. Rxc7 Rxc7 44. d6 Rc4 45. Ne5 Rd4 46. d7 f6 47. Rc1 fxe5 48. Rc8+ Kf7 49. d8=Q Rxd8 50. Rxd8 Ke7 51. Rd3 Bc6 52. Rc3 Kd6 53. g3 a5 54. Kf1 Kd5 55. Ke2 a4 56. Ke3 Kd6 57. f4 exf4+ 58. Kxf4 h6 59. Ke3 Kd5 60. Kd3 Bb5+ 61. Ke3 Bc6 62. Kd2 Kd6 63. Re3 Bd5 64. Kc3 a3 65. Kc2 a2 66. Kb2 Be6 67. Ra3 Ke5 68. Re3+ Kf5 69. g4+ Kf6 70. Re4 Bd5 71. Ra4 Be6 72. h4 Ke5 73. Ra6 Kf6 74. Kc3 Ke5 75. Kb2 Kf6 76. h5 gxh5 77. gxh5 Kf5 78. Ka1 Kf6 0-1

[Event "CAN-ch w"]
[Site "Toronto CAN"]
[Date "2025.04.18"]
[Round "3.1"]
[White "Li, Yunshan"]
[Black "Xie, Irene"]
[Result "1/2-1/2"]
[WhiteElo "2233"]
[BlackElo "1949"]
[WhiteFideId "-1"]
[WhiteFideId "-1"]
[PlyCount "127"]
[GameId "2170886505575902"]
[EventDate "2025.04.17"]
[EventType "swiss"]
[EventRounds "9"]
[EventCountry "CAN"]

1. d4 d5 2. c4 e6 3. Nf3 Nf6 4. g3 Be7 5. Bg2 O-O 6. Nc3 c6 7. Qd3 Nbd7 8. e4 dxe4 9. Nxe4 Nxe4 10. Qxe4 Bb4+ 11. Bd2 Bxd2+ 12. Nxd2 e5 13. O-O f5 14. Qe3 f4 15. Qc3 exd4 16. Qxd4 Qf6 17. Qxf6 Nxf6 18. Rfe1 Bf5 19. Nb3 Rad8 20. Rad1 Rxd1 21. Rxd1 Bc2 22. Rd2 Bxb3 23. axb3 Re8 24. Kf1 Kf7 25. gxf4 Re7 26. b4 Kg6 27. Rd4 Kf5 28. b3 Kg6 29. Bh3 Kf7 30. Bc8 Rc7 31. Rd8 Ke7 32. Rh8 h6 33. Bf5 Nh5 34. Ke2 Nxf4+ 35. Ke3 Ne6 36. Bxe6 Kxe6 37. Kd4 Rf7 38. Rb8 Rf4+ 39. Ke3 Rf7 40. h3 Kf5 41. Re8 g5 42. Ra8 a6 43. Re8 Rd7 44. Rb8 Kg6 45. Re8 Kh5 46. Re6 Rf7 47. Rd6 Re7+ 48. Kf3 Rf7+ 49. Kg2 Rg7 50. Kg3 Rf7 51. Kg2 Rg7 52. Kg3 Rf7 53. b5 axb5 54. cxb5 cxb5 55. Rb6 Rf5 56. Rxb7 Rd5 57. b4 Rd3+ 58. Kg2 Rd5 59. Rb6 Rf5 60. Kg3 Rd5 61. Kf3 Rf5+ 62. Ke3 Re5+ 63. Kf3 Rf5+ 64. Ke4 1/2-1/2

[Event "CAN-ch w"]
[Site "Toronto CAN"]
[Date "2025.04.18"]
[Round "3.2"]
[White "Qian, Ashley"]
[Black "Golubeva, Oksana"]
[Result "1-0"]
[WhiteElo "1943"]
[BlackElo "2132"]
[WhiteFideId "-1"]
[WhiteFideId "-1"]
[PlyCount "126"]
[GameId "2170886505575901"]
[EventDate "2025.04.17"]
[EventType "swiss"]
[EventRounds "9"]
[EventCountry "CAN"]

1. e4 e6 2. d4 d5 3. Nd2 c5 4. exd5 exd5 5. Ngf3 Nc6 6. Bb5 Qe7+ 7. Qe2 Qxe2+ 8. Kxe2 Bf5 9. dxc5 Bxc5 10. Nb3 Bb6 11. Be3 Bxe3 12. Kxe3 O-O-O 13. c3 Re8+ 14. Kd2 Nf6 15. Nc5 Ng4 16. Nd4 Bd7 17. Bxc6 bxc6 18. f3 Ne5 19. Rhe1 Nc4+ 20. Kc2 Ne3+ 21. Kd2 Nc4+ 22. Kc2 Kc7 23. g3 Bc8 24. b4 a5 25. a4 Kb6 26. Ncb3 axb4 27. cxb4 Ne3+ 28. Kc3 Nc4 29. a5+ Kc7 30. Nc5 Nd6 31. a6 Rxe1 32. Rxe1 Kb6 33. Ra1 Re8 34. a7 Bb7 35. Nxb7 Kxb7 36. Nxc6 Nb5+ 37. Kd3 Ra8 38. Ne7 Nxa7 39. Nxd5 Rd8 40. Kc4 Nc6 41. f4 Rc8 42. Rd1 Na7+ 43. Kb3 Nb5 44. Rd3 Rc1 45. Nc3 Nxc3 46. Rxc3 Re1 47. Rd3 Kc6 48. Kc4 Rc1+ 49. Rc3 Rd1 50. Rc2 h5 51. Re2 Rc1+ 52. Kb3 Rb1+ 53. Kc3 Kd6 54. Ra2 h4 55. gxh4 Rf1 56. Ra6+ Kd5 57. Ra5+ Ke4 58. f5 Rf4 59. Rc5 Rf2 60. b5 Rxh2 61. b6 Rh3+ 62. Kb2 Rh2+ 63. Rc2 Rh1 1-0

[Event "CAN-ch w"]
[Site "Toronto CAN"]
[Date "2025.04.18"]
[Round "3.3"]
[White "Demchenko, Svitlana"]
[Black "Ruchinskaya, Valerie"]
[Result "0-1"]
[WhiteElo "2130"]
[BlackElo "1880"]
[WhiteFideId "-1"]
[WhiteFideId "-1"]
[PlyCount "77"]
[GameId "2170886505575903"]
[EventDate "2025.04.17"]
[EventType "swiss"]
[EventRounds "9"]
[EventCountry "CAN"]

1. e4 c5 2. Nf3 e6 3. d3 Nc6 4. g3 d5 5. Nbd2 Nf6 6. Bg2 g6 7. O-O Bg7 8. c3 O-O 9. e5 Ng4 10. d4 f6 11. h3 fxe5 12. hxg4 cxd4 13. cxd4 exd4 14. Nb3 e5 15. Nh2 b6 16. Bd2 Bb7 17. g5 Qd6 18. Ng4 Rae8 19. Rc1 Bc8 20. Nh6+ Kh8 21. Qc2 Bd7 22. a3 Rc8 23. Qd1 e4 24. Bf4 Qe7 25. Qd2 a5 26. Rcd1 d3 27. Rfe1 Ne5 28. Rc1 Rce8 29. Nxa5 bxa5 30. Qxa5 Qe6 31. Rc7 Ra8 32. Qc5 Rac8 33. Rd1 Rxc7 34. Qxc7 Nf3+ 35. Kf1 Bb5 36. Qc5 Ba6 37. Bd2 Rc8 38. Qe3 Rf8 39. Bxf3 0-1

[Event "CAN-ch w"]
[Site "Toronto CAN"]
[Date "2025.04.18"]
[Round "3.4"]
[White "Deepak, Laksshana"]
[Black "Kucherenko, Olena"]
[Result "0-1"]
[WhiteElo "1854"]
[BlackElo "2049"]
[WhiteFideId "-1"]
[WhiteFideId "-1"]
[PlyCount "74"]
[GameId "2170886505575904"]
[EventDate "2025.04.17"]
[EventType "swiss"]
[EventRounds "9"]
[EventCountry "CAN"]

1. d4 Nf6 2. Nf3 g6 3. b3 Bg7 4. Bb2 c5 5. d5 d6 6. c4 b5 7. e4 bxc4 8. Bxc4 O-O 9. Qc2 Na6 10. Nbd2 Nb4 11. Qb1 a5 12. a3 Na6 13. O-O Nc7 14. Qc2 Rb8 15. a4 Na6 16. Rad1 Nb4 17. Qb1 Qc7 18. h3 Ba6 19. Bxa6 Nxa6 20. Qa1 Qb7 21. Bc3 Nb4 22. Ne1 e6 23. Bxf6 e5 24. Bxg7 Kxg7 25. Nc4 Qc7 26. f4 f6 27. Nd3 Nc2 28. Qc3 Nd4 29. Qxa5 Qe7 30. fxe5 fxe5 31. Rxf8 Rxf8 32. Nc1 Qg5 33. Kh1 Rf2 34. Qc7+ Kh6 35. Rg1 Qg3 36. Nd3 Nf3 37. Nxf2 Qh2# 0-1

[Event "CAN-ch w"]
[Site "Toronto CAN"]
[Date "2025.04.18"]
[Round "3.5"]
[White "Butenko, Zlata"]
[Black "Mills, Morgen"]
[Result "0-1"]
[WhiteElo "1764"]
[BlackElo "2013"]
[WhiteFideId "-1"]
[WhiteFideId "-1"]
[PlyCount "132"]
[GameId "2170886505575905"]
[EventDate "2025.04.17"]
[EventType "swiss"]
[EventRounds "9"]
[EventCountry "CAN"]

1. e4 c6 2. d4 d5 3. f3 e6 4. Nc3 Bb4 5. Bf4 Qa5 6. Qd3 b6 7. Nge2 Ba6 8. Qe3 dxe4 9. fxe4 Nf6 10. Ng3 Bxf1 11. Kxf1 Nbd7 12. a3 h5 13. e5 Nd5 14. Nxd5 cxd5 15. h3 Be7 16. Qd3 Qa4 17. Ne2 Rc8 18. Nc3 Qc4 19. Ke2 f6 20. exf6 Bxf6 21. Be3 e5 22. Qxc4 Rxc4 23. dxe5 Bxe5 24. Kd3 Bxc3 25. bxc3 O-O 26. Bd4 Rfc8 27. a4 Nc5+ 28. Bxc5 R8xc5 29. Ra3 Ra5 30. Re1 Kf7 31. Re5 Rh4 32. Re1 g6 33. Rf1+ Ke6 34. Rfa1 Kf5 35. Ke3 Re4+ 36. Kf3 Rc4 37. Rd1 Ke5 38. Re1+ Kd6 39. Re8 Raxa4 40. Rxa4 Rxa4 41. Rg8 Ra3 42. Rxg6+ Kc5 43. Ke2 Rxc3 44. Kd2 Rc4 45. g3 Rd4+ 46. Kc1 Re4 47. Rh6 Re3 48. Rxh5 Rxg3 49. Rh8 a5 50. h4 Rh3 51. h5 Kb4 52. Kb2 Rh2 53. h6 d4 54. Rd8 Rxh6 55. Rxd4+ Kc5 56. Rg4 Rh5 57. Kb3 b5 58. c4 a4+ 59. Ka3 Rh3+ 60. Kb2 Rh2+ 61. Ka3 Rh3+ 62. Ka2 b4 63. Rg8 Rh2+ 64. Kb1 b3 65. Ra8 Kb4 66. Rb8+ Kc3 0-1

[Event "CAN-ch w"]
[Site "Toronto CAN"]
[Date "2025.04.18"]
[Round "3.6"]
[White "Jiang, Hancy"]
[Black "Qiao, Cindy"]
[Result "1/2-1/2"]
[WhiteElo "1971"]
[BlackElo "1896"]
[WhiteFideId "-1"]
[WhiteFideId "-1"]
[PlyCount "148"]
[GameId "2170886505575906"]
[EventDate "2025.04.17"]
[EventType "swiss"]
[EventRounds "9"]
[EventCountry "CAN"]

1. Nf3 d5 2. e3 Nf6 3. b3 c5 4. Bb2 Nc6 5. d3 Bf5 6. Nbd2 e6 7. Be2 h6 8. O-O Qc7 9. c4 Be7 10. cxd5 exd5 11. d4 cxd4 12. Nxd4 Nxd4 13. Bxd4 O-O 14. Nf3 Rac8 15. Bd3 Be4 16. Qd2 a6 17. Be5 Qb6 18. Qe2 Ba3 19. Bxe4 dxe4 20. Nd2 Rfe8 21. Bd4 Qe6 22. f3 exf3 23. Rxf3 Bc5 24. Bxf6 Bxe3+ 25. Kh1 gxf6 26. Nc4 Bg5 27. Qf2 b5 28. Na5 Qe4 29. a3 Rc2 30. Qg3 Qe5 31. Rd1 Qxg3 32. Rxg3 Kf8 33. b4 Rce2 34. Rf3 R8e3 35. Rxe3 Rxe3 36. Ra1 Rc3 37. Nb7 Rc1+ 38. Rxc1 Bxc1 39. Nc5 Bxa3 40. Nxa6 Ke7 41. Nc7 f5 42. Nxb5 Bxb4 43. Nd4 Kf6 44. Nb3 Ke5 45. Kg1 Ke4 46. Kf2 f4 47. Ke2 f5 48. Nc1 Bd6 49. h3 Bc5 50. Nd3 Bd4 51. Ne1 Bc3 52. Nf3 Bb4 53. Nh4 Bc5 54. Nf3 Be3 55. Nh4 h5 56. Nf3 Bc5 57. Nd2+ Ke5 58. Nf3+ Kd5 59. Kd3 Bb6 60. Nh4 Ke5 61. Nf3+ Kf6 62. Kc4 Ke6 63. Kd3 Bf2 64. Ke2 Bg3 65. Kd3 Kd5 66. Nd4 Ke5 67. Nf3+ Kd6 68. Nd4 Ke5 69. Nf3+ Kf6 70. Kd4 Ke6 71. Ng5+ Kd6 72. Nf3 Bf2+ 73. Kd3 Kc5 74. Ne5 Kd5 1/2-1/2

[Event "CAN-ch w"]
[Site "Toronto CAN"]
[Date "2025.04.18"]
[Round "3.7"]
[White "Starr, Nava"]
[Black "Wang, Angela"]
[Result "1-0"]
[WhiteElo "2048"]
[BlackElo "1551"]
[WhiteFideId "-1"]
[WhiteFideId "-1"]
[PlyCount "103"]
[GameId "2171291041995837"]
[EventDate "2025.04.17"]
[EventType "swiss"]
[EventRounds "9"]
[EventCountry "CAN"]

1. e4 d6 2. d4 Nf6 3. Nc3 e5 4. dxe5 dxe5 5. Qxd8+ Kxd8 6. Bg5 Be6 7. O-O-O+ Nbd7 8. Nf3 Kc8 9. a3 c6 10. Bh4 Kc7 11. Ng5 b5 12. Nxe6+ fxe6 13. f3 Bc5 14. Be2 a5 15. Kb1 Rhb8 16. Na2 b4 17. a4 b3 18. cxb3 Rxb3 19. Bc4 Rb6 20. Kc2 Bd4 21. b3 Nc5 22. Bg3 Kb7 23. Nc1 Nh5 24. Ne2 Rd8 25. Bxe5 Bxe5 26. Rxd8 Kc7 27. Ra8 Nb7 28. Bxe6 Kd6 29. Bf7 g6 30. Re8 Ng7 31. Rd1+ Kc7 32. Rxe5 c5 33. Re7+ Kb8 34. Bd5 Nh5 35. Bxb7 Rxb7 36. Rxb7+ Kxb7 37. Rd7+ Kc6 38. Rxh7 Nf6 39. Rh6 Nd7 40. Rxg6+ Kc7 41. Rg7 Kd6 42. Rxd7+ Kxd7 43. f4 Ke6 44. g4 Kf6 45. Kd3 Ke6 46. g5 Kf7 47. f5 Ke7 48. e5 Kf7 49. Nf4 Kg7 50. f6+ Kf7 51. g6+ Kf8 52. e6 1-0

[Event "CAN-ch w"]
[Site "Toronto CAN"]
[Date "2025.04.18"]
[Round "3.8"]
[White "Cabrera, Jennie"]
[Black "Koop, Alison"]
[Result "0-1"]
[WhiteElo "1885"]
[BlackElo "1633"]
[WhiteFideId "-1"]
[WhiteFideId "-1"]
[PlyCount "84"]
[GameId "2171295783140421"]
[EventDate "2025.04.17"]
[EventType "swiss"]
[EventRounds "9"]
[EventCountry "CAN"]

1. e4 c5 2. c3 Nf6 3. e5 Nd5 4. d4 cxd4 5. cxd4 Nc6 6. Bc4 Nb6 7. Bb3 d6 8. exd6 Qxd6 9. Ne2 Be6 10. Bc2 g6 11. Nbc3 Bg7 12. Bf4 Qd7 13. Nb5 Rc8 14. Be4 a6 15. Bxc6 bxc6 16. Nbc3 O-O 17. Ne4 Bf5 18. Nc5 Qa7 19. b4 Rfd8 20. h3 e5 21. Bg5 Rd5 22. g4 Bd7 23. Ne4 Be6 24. Nf6+ Bxf6 25. Bxf6 Nd7 26. Be7 exd4 27. f4 d3 28. Nc3 Qe3+ 29. Kf1 Rd4 30. Bg5 f6 31. Bh6 g5 32. Qe1 Rxf4+ 33. Kg2 Qf3+ 34. Kh2 Bxg4 35. hxg4 Rxg4 36. Rg1 Qf4+ 37. Rg3 Ne5 38. Kh3 Rh4+ 39. Kg2 Rxh6 40. Ne4 Rh4 41. Re3 Qh2+ 42. Kf1 Rf4+ 0-1